000 00428nam a2200181Ia 4500
003 GCL
008 140319s9999 xx 000 0 eng d
040 _aGCL /
_cGCL
082 0 4 _a822
_bH B
100 1 _aHUXLEY, AL DOUUS
245 1 0 _aBRAVE NEW WORLD /
_cHUXLEY, AL DOUUS
260 _a[S.N] :
_bLONGMAN ،
_c1991
300 _a245 P
650 0 4 _aLITERATURE
650 0 4 _aSTORIES
650 0 4 _aENGLISH
942 _2ddc
_cBK
999 _c24531
_d24531